| 000 | 00333nam a2200133Ia 4500 | ||
|---|---|---|---|
| 005 | 20260328104253.0 | ||
| 008 | 260328s9999||||xx |||||||||||||| ||und|| | ||
| 100 | _aKnight, Caroline | ||
| 245 | 0 |
_aEssential : _b Frank Lloyd Wright / _cCaroline Knight |
|
| 260 | _bParragon | ||
| 300 | _a256 p. | ||
| 650 | _aARQUITECTOS | ||
| 942 | _cBK | ||
| 999 |
_c10321 _d10321 |
||